000
00343nam a22001457a 4500
008
210519b ||||| |||| 00| 0 eng d
020
_a
0198536054
041
_a
eng
080
_a
510
082
_a
510
100
_a
36
101
_a
MAT
245
_a
The Mathematical basis of finite element Methods
_c
David F. Griffiths
942
_2
udc
_c
BK
999
_c
57531
_d
57531